[Event "come and have a go..."]
[Site "SchemingMind.com"]
[Date "2021.03.01"]
[Round "-"]
[White "The Chess Machine"]
[Black "Servelión Graterol Hernández"]
[Result "1/2-1/2"]
[WhiteCountry "ENG"]
[BlackCountry "VEN"]
[WhiteElo "2545"]
[WhiteRD "96"]
[BlackElo "2510"]
[BlackRD "88"]
[GameID "708993"]

1. d4 Nf6 2. Nf3 e6 3. e3 b6 4. Bd3 Bb7 5. O-O d5 6. b3 Bd6 7. Bb2 O-O 8. Nbd2 Nbd7 9. c4 Ne4 10. Qc2 f5
11. cxd5 exd5 12. Ne5 Qe7 13. Nxd7 Nxd2 14. Nxf8 Nf3+ 15. gxf3 Qg5+ 16. Kh1 Qh5 17. f4 Qf3+ 18. Kg1 Qg4+=
1/2-1/2

[Event "come and have a go..."]
[Site "SchemingMind.com"]
[Date "2021.03.01"]
[Round "-"]
[White "Servelión Graterol Hernández"]
[Black "The Chess Machine"]
[Result "1/2-1/2"]
[WhiteCountry "VEN"]
[BlackCountry "ENG"]
[WhiteElo "2570"]
[WhiteRD "83"]
[BlackElo "2534"]
[BlackRD "85"]
[GameID "708994"]

1. e4 e6 2. d4 d5 3. Nc3 Nf6 4. e5 Nfd7 5. f4 c5 6. Nf3 Nc6 7. Be3 a6 8. Qd2 b5 9. a3 Qa5 10. dxc5 Bxc5
11. Bxc5 Nxc5 12. Nd4 Qb6 13. Nxc6 Qxc6 14. Qd4 Rb8 15. h4 O-O 16. h5 h6 17. Rh3 f6 18. exf6 e5 19. fxe5 Bxh3 20. gxh3 gxf6
21. Nxd5 Rbe8 22. Qg1+ Kh8 23. O-O-O fxe5 24. Qe3 e4 25. Kb1 Kh7=
1/2-1/2

[Event "come and have a go..."]
[Site "SchemingMind.com"]
[Date "2021.03.14"]
[Round "-"]
[White "The Chess Machine"]
[Black "frankly"]
[Result "1/2-1/2"]
[WhiteCountry "ENG"]
[BlackCountry "ENG"]
[WhiteElo "2545"]
[WhiteRD "96"]
[BlackElo "2596"]
[BlackRD "68"]
[GameID "709502"]

1. d4 Nf6 2. Nf3 d5 3. e3 e6 4. Bd3 c5 5. b3 Nc6 6. O-O Bd6 7. dxc5 Bxc5 8. Bb2 O-O 9. a3 a6 10. Nbd2 Re8
11. Rc1 e5 12. c4 d4 13. exd4 Bxd4 14. Nxd4 Nxd4 15. h3 Bd7 16. b4 Bc6 17. Re1 Qd7 18. Nb3 Nf3+ 19. gxf3 Qxh3 20. Bf1 Qh4
21. Bg2 Rad8 22. Qe2 Nh5 23. Qf1 Nf4 24. Rxe5 Bxf3 25. Bxf3 Nh3+=
1/2-1/2

[Event "come and have a go..."]
[Site "SchemingMind.com"]
[Date "2021.03.14"]
[Round "-"]
[White "frankly"]
[Black "The Chess Machine"]
[Result "1/2-1/2"]
[WhiteCountry "ENG"]
[BlackCountry "ENG"]
[WhiteElo "2596"]
[WhiteRD "68"]
[BlackElo "2545"]
[BlackRD "96"]
[GameID "709503"]

1. e4 c5 2. f3 e6 3. f4 a6 4. Nf3 Nc6 5. g3 d5 6. d3 dxe4 7. dxe4 Qxd1+ 8. Kxd1 Nf6 9. Nbd2 e5 10. Nxe5 Nxe5
11. fxe5 Ng4 12. Ke1 Nxe5 13. Nc4 Nxc4 14. Bxc4 Bg4 15. Kf2 Bd6 16. Bf4 O-O-O 17. Rae1 Bh5 18. Bd5 Rhe8=
1/2-1/2

[Event "come and have a go..."]
[Site "SchemingMind.com"]
[Date "2021.03.14"]
[Round "-"]
[White "frankly"]
[Black "Servelión Graterol Hernández"]
[Result "1/2-1/2"]
[WhiteCountry "ENG"]
[BlackCountry "VEN"]
[WhiteElo "2567"]
[WhiteRD "69"]
[BlackElo "2568"]
[BlackRD "67"]
[GameID "709504"]

1. d4 Nf6 2. Nf3 e6 3. c4 b6 4. g3 Ba6 5. b3 Bb4+ 6. Bd2 Be7 7. Bg2 c6 8. Bc3 d5 9. Ne5 Nfd7 10. Nxd7 Nxd7
11. Nd2 O-O 12. O-O f5 13. a4 Nf6 14. Qc2 Rc8 15. Rfd1 Qc7 16. Rac1 Ne4 17. Nxe4 fxe4 18. Bh3 Rf6 19. f4 Kh8 20. Rf1 Ba3
21. Bb2 Bb4 22. e3 Qe7 23. Bg4 Rff8 24. Bc3 Bd6 25. Rfd1 h6 26. Rb1 Rf7 27. Kh1 Kh7 28. Qd2 Rg8 29. Be2 g5 30. b4 Rfg7
31. Rg1 Qf8 32. b5 cxb5 33. cxb5 Bc8 34. Bb4 Bxb4 35. Rxb4 Qf5 36. Rb3 h5 37. Rc3 gxf4 38. exf4 Bd7 39. Qe1=
1/2-1/2

[Event "come and have a go..."]
[Site "SchemingMind.com"]
[Date "2021.03.14"]
[Round "-"]
[White "Servelión Graterol Hernández"]
[Black "frankly"]
[Result "1/2-1/2"]
[WhiteCountry "VEN"]
[BlackCountry "ENG"]
[WhiteElo "2568"]
[WhiteRD "67"]
[BlackElo "2567"]
[BlackRD "69"]
[GameID "709505"]

1. Nf3 d5 2. d4 Nf6 3. c4 e6 4. Nc3 c6 5. Bg5 h6 6. Bh4 dxc4 7. e4 g5 8. Bg3 b5 9. h4 g4 10. Ne5 Bb7
11. Be2 Nbd7 12. Nxd7 Qxd7 13. Be5 Qe7 14. b3 Rg8 15. Qc2 Bg7 16. Rd1 c5 17. Nxb5 Rd8 18. f3 gxf3 19. gxf3 a6 20. Nc7+ Kf8
21. dxc5 Rxd1+ 22. Qxd1 Nxe4 23. Bxg7+ Rxg7 24. Nxe6+ fxe6 25. fxe4 Bxe4 26. Bf3 Bd3 27. bxc4 Qd8 28. Be2 Qa5+ 29. Qd2 Qxd2+ 30. Kxd2 Bxe2
31. Kxe2 Rc7 32. Rb1 Rxc5 33. Kd3 Rh5 34. Rb6 Ke7 35. Rxa6= Rxh4 36. a4 e5 37. a5 Rd4+ 38. Kc3 Rd1=
1/2-1/2

[Event "come and have a go..."]
[Site "SchemingMind.com"]
[Date "2021.04.17"]
[Round "-"]
[White "The Chess Machine"]
[Black "ramesse"]
[Result "1/2-1/2"]
[WhiteCountry "ENG"]
[BlackCountry "SVK"]
[WhiteElo "2519"]
[WhiteRD "86"]
[BlackElo "2558"]
[BlackRD "79"]
[GameID "710687"]

1. e4 e5 2. Nf3 Nc6 3. Bc4 Bc5 4. c3 Nf6 5. d4 exd4 6. e5 d5 7. Bb5 Ne4 8. cxd4 Bb6 9. h3 O-O 10. O-O f6
11. Nc3 fxe5 12. Bxc6 bxc6 13. Nxe4 dxe4 14. Qb3+ Qd5 15. Nxe5 Qxb3 16. axb3 Bxd4 17. Nxc6 Bf6 18. Rxa7 Rxa7 19. Nxa7 Ba6 20. Re1 Ra8
21. Nc6=
1/2-1/2

[Event "come and have a go..."]
[Site "SchemingMind.com"]
[Date "2021.04.17"]
[Round "-"]
[White "ramesse"]
[Black "The Chess Machine"]
[Result "1/2-1/2"]
[WhiteCountry "SVK"]
[BlackCountry "ENG"]
[WhiteElo "2558"]
[WhiteRD "79"]
[BlackElo "2519"]
[BlackRD "86"]
[GameID "710688"]

1. e4 e6 2. d4 d5 3. Nc3 Nf6 4. e5 Nfd7 5. f4 c5 6. Nf3 Nc6 7. Be3 a6 8. Qd2 b5 9. a3 Qa5 10. Ra2 Qb6
11. Ne2 b4 12. axb4 Nxb4 13. Ra1 Nc6 14. b3 Be7 15. Nc3 Qc7 16. dxc5 Nxc5 17. Be2 Bb7 18. O-O O-O 19. Nd4 Rfd8=
1/2-1/2

[Event "come and have a go..."]
[Site "SchemingMind.com"]
[Date "2021.04.17"]
[Round "-"]
[White "ramesse"]
[Black "frankly"]
[Result "1/2-1/2"]
[WhiteCountry "SVK"]
[BlackCountry "ENG"]
[WhiteElo "2568"]
[WhiteRD "73"]
[BlackElo "2567"]
[BlackRD "69"]
[GameID "710689"]

1. e4 e5 2. Nf3 Nc6 3. Bb5 a6 4. Ba4 Nf6 5. O-O Be7 6. Re1 b5 7. Bb3 O-O 8. c3 d5 9. exd5 Nxd5 10. Nxe5 Nxe5
11. Rxe5 c6 12. d4 Bd6 13. Re1 Qh4 14. g3 Qh3 15. Qe2 Bg4 16. Qf1 Qh5 17. Nd2 Rae8 18. Rxe8 Rxe8 19. f3 Bh3 20. Qf2 Bf5
21. Nf1 Qg6 22. Bxd5 cxd5 23. Ne3 h5 24. Nxf5 Qxf5 25. Bd2 h4 26. Re1 Rxe1+ 27. Bxe1 h3 28. Qe2 Qb1 29. a3 g6 30. Kf2 Bf8
31. b4 Qb3 32. Bd2 Qxa3 33. Qe8 Qa2 34. Ke1 Qb1+ 35. Ke2 Qa2 36. Qd8 Qc4+ 37. Kf2 Qa2 38. Ke1= Qa1+ 39. Ke2 Qa2 40. g4 Qc4+=
1/2-1/2

[Event "come and have a go..."]
[Site "SchemingMind.com"]
[Date "2021.04.17"]
[Round "-"]
[White "frankly"]
[Black "ramesse"]
[Result "0-1"]
[WhiteCountry "ENG"]
[BlackCountry "SVK"]
[WhiteElo "2567"]
[WhiteRD "69"]
[BlackElo "2568"]
[BlackRD "73"]
[GameID "710690"]

1. d4 d5 2. c4 c6 3. Nf3 Nf6 4. Nc3 e6 5. Bg5 h6 6. Bh4 dxc4 7. e4 g5 8. Bg3 b5 9. Be2 Bb7 10. h4 g4
11. Ne5 Nbd7 12. Nxd7 Qxd7 13. Be5 Qe7 14. b3 Rg8 15. Qc2 Nd7 16. Bg3 e5 17. d5 cxd5 18. Nxd5 Qc5 19. bxc4 f5 20. h5 Rc8
21. Rb1 f4 22. Bh4 f3 23. gxf3 gxf3 24. Bxf3 Qxc4 25. Qxc4 Rxc4 26. Rxb5 Bc6 27. Rb2 Nc5 28. Nf6+ Kf7 29. Rb1 Rg7 30. Be2 Rc2
31. f3 Ke6 32. Nd5 Bxd5 33. exd5+ Kxd5 34. Kf1 Be7 35. Bxe7 Rxe7 36. Rh4 Ne6 37. Rb5+ Kd6 38. Ra5 Nf4
0-1

[Event "come and have a go..."]
[Site "SchemingMind.com"]
[Date "2021.04.17"]
[Round "-"]
[White "ramesse"]
[Black "Servelión Graterol Hernández"]
[Result "1/2-1/2"]
[WhiteCountry "SVK"]
[BlackCountry "VEN"]
[WhiteElo "2568"]
[WhiteRD "73"]
[BlackElo "2568"]
[BlackRD "67"]
[GameID "710691"]

1. e4 c5 2. Nf3 d6 3. d4 cxd4 4. Nxd4 Nf6 5. Nc3 a6 6. h3 e5 7. Nb3 Be6 8. Be3 Be7 9. f4 exf4 10. Bxf4 Nc6
11. Qe2 Nd7 12. O-O-O Nce5 13. Kb1 Rc8 14. Qe3 O-O 15. g4 h6 16. Rg1 Qb6 17. Qxb6 Nxb6 18. Nd5 Nxd5 19. exd5 Bd7 20. Bxe5 dxe5
21. Bd3 g6 22. Nd2 Kg7 23. Rde1 f6 24. Ne4 Kh8 25. Ng3 Bc5 26. Rgf1 Kg7 27. Ne4 b5 28. a4=
1/2-1/2

[Event "come and have a go..."]
[Site "SchemingMind.com"]
[Date "2021.04.18"]
[Round "-"]
[White "Servelión Graterol Hernández"]
[Black "ramesse"]
[Result "1/2-1/2"]
[WhiteCountry "VEN"]
[BlackCountry "SVK"]
[WhiteElo "2568"]
[WhiteRD "67"]
[BlackElo "2568"]
[BlackRD "73"]
[GameID "710692"]

1. d4 d5 2. c4 c6 3. Nf3 Nf6 4. Nc3 e6 5. Bg5 h6 6. Bh4 dxc4 7. e4 g5 8. Bg3 b5 9. Ne5 Nbd7 10. h4 g4
11. Be2 Bb7 12. Nxd7 Qxd7 13. Be5 Qe7 14. b3 Rg8 15. Qc2 Nd7 16. Bg3 e5 17. d5 cxd5 18. Nxd5 Qc5 19. bxc4 f5 20. h5 Rc8
21. Rb1 f4 22. Bh4 f3 23. gxf3 gxf3 24. Bxf3 Qxc4 25. Qxc4 Rxc4 26. Rxb5 Bc6=
1/2-1/2

[Event "come and have a go..."]
[Site "SchemingMind.com"]
[Date "2021.04.18"]
[Round "-"]
[White "The Chess Machine"]
[Black "Rubén Pulido "]
[Result "1/2-1/2"]
[WhiteCountry "ENG"]
[BlackCountry "CUB"]
[WhiteElo "2534"]
[WhiteRD "85"]
[BlackElo "2478"]
[BlackRD "79"]
[GameID "710730"]

1. d4 Nf6 2. Nf3 d5 3. c4 e6 4. Nc3 c6 5. g3 dxc4 6. Bg2 Nbd7 7. O-O b5 8. e4 Bb7 9. e5 Nd5 10. Ng5 Be7
11. Qh5 g6 12. Qh6 Bf8 13. Qh3 Be7 14. Nce4 h6 15. Bd2 Kf8 16. f4 Kg7 17. Nxf7 Kxf7 18. f5 exf5 19. g4 f4 20. e6+ Kg7
21. exd7 Qxd7 22. Nc5 Bxc5 23. dxc5 Rae8 24. Bc3+ Nxc3 25. Qxc3+ Kh7 26. Rxf4 Rhf8 27. Rxf8 Rxf8 28. Re1 Bc8 29. a4 Qf7=
1/2-1/2

[Event "come and have a go..."]
[Site "SchemingMind.com"]
[Date "2021.04.18"]
[Round "-"]
[White "Rubén Pulido "]
[Black "The Chess Machine"]
[Result "1/2-1/2"]
[WhiteCountry "CUB"]
[BlackCountry "ENG"]
[WhiteElo "2478"]
[WhiteRD "79"]
[BlackElo "2534"]
[BlackRD "85"]
[GameID "710731"]

1. e4 e6 2. d4 d5 3. Nc3 Nf6 4. e5 Nfd7 5. f4 c5 6. Nf3 Nc6 7. Be3 a6 8. Qd2 b5 9. a3 Qa5 10. dxc5 Bxc5
11. Bxc5 Nxc5 12. Nd4 Qb6 13. Nxc6 Qxc6 14. Ne2 Bd7 15. Nd4 Qb6 16. Be2 a5 17. O-O O-O 18. Bf3 Rab8 19. Qe3 Rfc8 20. h3 Na4
21. Ra2 g6 22. Kh2 b4 23. axb4 Qxb4 24. Rfa1 Nxb2 25. Rb1 Nc4 26. Rxb4 Nxe3 27. Rxb8 Rxb8 28. Rxa5=
1/2-1/2

[Event "come and have a go..."]
[Site "SchemingMind.com"]
[Date "2021.04.18"]
[Round "-"]
[White "ramesse"]
[Black "Rubén Pulido "]
[Result "1/2-1/2"]
[WhiteCountry "SVK"]
[BlackCountry "CUB"]
[WhiteElo "2558"]
[WhiteRD "79"]
[BlackElo "2507"]
[BlackRD "68"]
[GameID "710732"]

1. e4 c5 2. Nf3 Nc6 3. d4 cxd4 4. Nxd4 Nf6 5. Nc3 e5 6. Ndb5 d6 7. Bg5 a6 8. Na3 b5 9. Nd5 Be7 10. Bxf6 Bxf6
11. c3 O-O 12. Nc2 Bg5 13. a4 bxa4 14. Rxa4 a5 15. Bc4 Bd7 16. Nce3 Ne7 17. Ra2 Nxd5 18. Nxd5 a4 19. O-O Rb8 20. Qe2 Qc8
21. Rfa1 Kh8 22. Bd3 Bg4 23. f3 Bd7 24. Kh1 h5 25. Nb4 h4 26. h3 Qd8 27. Qf2 Bf4 28. Bc2 Qg5 29. Bxa4 Be6 30. Ra3 Be3
31. Qe1 Bd2 32. Qd1 Bf4=
1/2-1/2

[Event "come and have a go..."]
[Site "SchemingMind.com"]
[Date "2021.04.18"]
[Round "-"]
[White "Rubén Pulido "]
[Black "ramesse"]
[Result "1/2-1/2"]
[WhiteCountry "CUB"]
[BlackCountry "SVK"]
[WhiteElo "2507"]
[WhiteRD "68"]
[BlackElo "2558"]
[BlackRD "79"]
[GameID "710733"]

1. e4 e5 2. Nf3 Nc6 3. Bb5 a6 4. Ba4 Nf6 5. O-O Be7 6. Re1 b5 7. Bb3 O-O 8. c3 d6 9. h3 Bb7 10. d4 Re8
11. Nbd2 Bf8 12. a4 h6 13. Bc2 exd4 14. Nxd4 g6 15. b4 Nxd4 16. cxd4 c5 17. axb5 axb5 18. Rxa8 Qxa8 19. dxc5 dxc5 20. e5 Nd5
21. bxc5 Nc3 22. Qg4 Bd5 23. Qd4 b4 24. Qxb4 Na2 25. Qd4 Nxc1 26. Rxc1 Qa3 27. Rb1 Qxc5 28. Qxc5 Bxc5 29. Rb5 Rc8 30. Bb3 Bxb3
31. Nxb3 Ba7 32. Rb7 Rb8 33. Rxa7 Rxb3 34. Ra5=
1/2-1/2

[Event "come and have a go..."]
[Site "SchemingMind.com"]
[Date "2021.04.18"]
[Round "-"]
[White "frankly"]
[Black "Rubén Pulido "]
[Result "1/2-1/2"]
[WhiteCountry "ENG"]
[BlackCountry "CUB"]
[WhiteElo "2585"]
[WhiteRD "70"]
[BlackElo "2507"]
[BlackRD "68"]
[GameID "710734"]

1. d4 Nf6 2. c4 e6 3. Nf3 d5 4. Nc3 c6 5. Bg5 h6 6. Bxf6 Qxf6 7. e3 Nd7 8. Be2 g6 9. O-O Bg7 10. cxd5 exd5
11. b4 a6 12. a4 O-O 13. b5 Qd6 14. bxc6 bxc6 15. a5 c5 16. Rb1 Rb8 17. Qa4 Bb7 18. dxc5 Nxc5 19. Qa3 Ne4 20. Qxd6 Nxd6
21. Na4 Bc6=
1/2-1/2

[Event "come and have a go..."]
[Site "SchemingMind.com"]
[Date "2021.04.18"]
[Round "-"]
[White "Rubén Pulido "]
[Black "frankly"]
[Result "1/2-1/2"]
[WhiteCountry "CUB"]
[BlackCountry "ENG"]
[WhiteElo "2507"]
[WhiteRD "68"]
[BlackElo "2585"]
[BlackRD "70"]
[GameID "710735"]

1. e4 c5 2. Nf3 Nc6 3. d4 cxd4 4. Nxd4 e5 5. Nb5 d6 6. N1c3 Nf6 7. Bg5 a6 8. Na3 b5 9. Nd5 Be7 10. Bxf6 Bxf6
11. c3 O-O 12. Nc2 Rb8 13. h4 Be7 14. Nce3 Be6 15. a4 Qd7 16. Be2 Bd8 17. axb5 axb5 18. h5 b4 19. Ra6 Kh8 20. O-O bxc3
21. bxc3 Ne7 22. h6=
1/2-1/2

[Event "come and have a go..."]
[Site "SchemingMind.com"]
[Date "2021.04.18"]
[Round "-"]
[White "Servelión Graterol Hernández"]
[Black "Rubén Pulido "]
[Result "1-0"]
[WhiteCountry "VEN"]
[BlackCountry "CUB"]
[WhiteElo "2605"]
[WhiteRD "70"]
[BlackElo "2523"]
[BlackRD "72"]
[GameID "710736"]

1. d3 d5 2. g3 e5 3. Nf3 Nc6 4. Bg2 Nf6 5. O-O Be7 6. Nc3 O-O 7. e4 d4 8. Ne2 Bg4 9. Ne1 Nd7 10. f4 f6
11. f5 Bh5 12. h4 a5 13. Bh3 Bf7 14. Nf3 Nb4 15. a3 Na6 16. g4 c5 17. g5 fxg5 18. hxg5 c4 19. Ng3 cxd3 20. cxd3 Nac5
21. Rf2 Ra6 22. Rh2 Nb3 23. Rb1 Nxc1 24. Qxc1 Rc6 25. Qd2 Qc7 26. Rf1 Bb3 27. Qg2 Rc2 28. Ne2 Rf7 29. f6 Nxf6 30. gxf6 Bxf6
31. Bg4 g6 32. Qh3 a4 33. Rhf2 Qc6 34. Qg3 Rc5 35. Nd2 Ba2 36. Bd7
1-0

[Event "come and have a go..."]
[Site "SchemingMind.com"]
[Date "2021.04.18"]
[Round "-"]
[White "Rubén Pulido "]
[Black "Servelión Graterol Hernández"]
[Result "1/2-1/2"]
[WhiteCountry "CUB"]
[BlackCountry "VEN"]
[WhiteElo "2529"]
[WhiteRD "66"]
[BlackElo "2568"]
[BlackRD "67"]
[GameID "710737"]

1. e4 e5 2. Nf3 Nf6 3. Nxe5 d6 4. Nf3 Nxe4 5. Nc3 Nxc3 6. dxc3 Be7 7. Be3 O-O 8. Qd2 Nd7 9. O-O-O c6 10. Kb1 d5
11. h4 Re8 12. Bd3 Bc5 13. Bd4 Bxd4 14. cxd4 Nf6 15. Rde1 Ne4 16. Qf4 Qf6 17. Qxf6 Nxf6 18. Kc1 g6 19. c3 Be6 20. Kd2 Ng4
21. Re2 Bd7 22. Rhe1 Kf8 23. Ne5 Nxe5 24. Rxe5 Rxe5 25. Rxe5 Re8=
1/2-1/2

[Event "come and have a go..."]
[Site "SchemingMind.com"]
[Date "2021.04.18"]
[Round "-"]
[White "The Chess Machine"]
[Black "Till Plewe"]
[Result "1/2-1/2"]
[WhiteCountry "ENG"]
[BlackCountry "JPN"]
[WhiteElo "2534"]
[WhiteRD "85"]
[BlackElo "2548"]
[BlackRD "85"]
[GameID "710762"]

1. e4 c5 2. Nc3 e6 3. Nge2 Nc6 4. g3 d5 5. exd5 exd5 6. d4 cxd4 7. Nxd4 Nf6 8. Bg5 Be7 9. Bg2 O-O 10. O-O h6
11. Be3 Bg4 12. Nce2 Re8 13. h3 Bh5 14. g4 Bg6 15. Nf4 Bh7 16. Nxc6 bxc6 17. c4 g5 18. Ne2 Bd6 19. cxd5 Nxd5 20. Bxd5 cxd5
21. Nc3 Be5 22. Bd4=
1/2-1/2

[Event "come and have a go..."]
[Site "SchemingMind.com"]
[Date "2021.04.18"]
[Round "-"]
[White "Till Plewe"]
[Black "The Chess Machine"]
[Result "1/2-1/2"]
[WhiteCountry "JPN"]
[BlackCountry "ENG"]
[WhiteElo "2548"]
[WhiteRD "85"]
[BlackElo "2534"]
[BlackRD "85"]
[GameID "710763"]

1. e4 e6 2. d4 d5 3. Nc3 Nf6 4. Bg5 Bb4 5. e5 h6 6. Bd2 Bxc3 7. bxc3 Ne4 8. Bc1 Nxc3 9. Qg4 g6 10. Bd3 c5
11. dxc5 Qa5 12. Bd2 Qa4 13. Qf3 Ne4 14. Bxe4 Qxe4+ 15. Qxe4 dxe4 16. Ne2 Bd7 17. Rb1 Bc6 18. Nd4 O-O 19. Bxh6 Rc8 20. Nxc6 Nxc6
21. Rxb7 Nxe5 22. Be3 Nc4=
1/2-1/2

[Event "come and have a go..."]
[Site "SchemingMind.com"]
[Date "2021.04.22"]
[Round "-"]
[White "ramesse"]
[Black "Till Plewe"]
[Result "1/2-1/2"]
[WhiteCountry "SVK"]
[BlackCountry "JPN"]
[WhiteElo "2552"]
[WhiteRD "76"]
[BlackElo "2565"]
[BlackRD "72"]
[GameID "710764"]

1. e4 c5 2. Nf3 e6 3. d4 cxd4 4. Nxd4 Nc6 5. Nc3 Qc7 6. Be3 a6 7. Qd2 Nf6 8. O-O-O Be7 9. f3 b5 10. g4 Nxd4
11. Bxd4 Bb7 12. Kb1 O-O 13. g5 Nh5 14. Ne2 f5 15. gxf6 Bxf6 16. Bxf6 Nxf6 17. h4 Rf7 18. Bh3 Nh5 19. a3 Raf8 20. Qd6 Qxd6
21. Rxd6 g6 22. Rb6 Bc8 23. Bg4 Nf6 24. b3 Nxg4 25. fxg4 Rf2 26. Nc3 Kf7 27. Kb2 Ke7 28. a4 bxa4 29. Nxa4 Re2 30. Rb8 Kd8
31. Rh3 Kc7 32. Rb6 Bb7 33. Rc3+ Bc6 34. Rxa6 Kd8 35. Nc5 Ke7 36. b4 Bxe4 37. Ra7 Bc6 38. Rd3 Rff2 39. Rc3=
1/2-1/2

[Event "come and have a go..."]
[Site "SchemingMind.com"]
[Date "2021.04.22"]
[Round "-"]
[White "Till Plewe"]
[Black "ramesse"]
[Result "1/2-1/2"]
[WhiteCountry "JPN"]
[BlackCountry "SVK"]
[WhiteElo "2565"]
[WhiteRD "72"]
[BlackElo "2552"]
[BlackRD "76"]
[GameID "710765"]

1. e4 e5 2. Nf3 Nc6 3. d4 exd4 4. Nxd4 Nf6 5. Nxc6 bxc6 6. e5 Qe7 7. Qe2 Nd5 8. h4 Qe6 9. Nd2 a5 10. g3 Nb4
11. Nf3 Ba6 12. c4 Qg6 13. Kd1 c5 14. a3 Nc6 15. h5 Qe6 16. Bd2 Be7 17. Bc3 O-O 18. Qe4 Bb7 19. Bd3 g6 20. Qf4 Nd4
21. Bxd4 cxd4 22. Kc2 Bxf3 23. Qxf3 Rfb8 24. hxg6 hxg6 25. Qd5 Ra6 26. Rh2 Bf8 27. f4 Rab6 28. b4 axb4 29. a4 b3+ 30. Kb2 c5
31. Rah1 Bg7 32. Qxe6 Rxe6 33. a5 Ra8 34. Ra1 d6 35. exd6 Rxd6 36. Kxb3 Rda6 37. Rha2=
1/2-1/2

[Event "come and have a go..."]
[Site "SchemingMind.com"]
[Date "2021.04.19"]
[Round "-"]
[White "Till Plewe"]
[Black "frankly"]
[Result "1/2-1/2"]
[WhiteCountry "JPN"]
[BlackCountry "ENG"]
[WhiteElo "2562"]
[WhiteRD "85"]
[BlackElo "2567"]
[BlackRD "69"]
[GameID "710766"]

1. e4 e5 2. Nf3 Nc6 3. d4 exd4 4. Nxd4 Nf6 5. Nxc6 bxc6 6. e5 Qe7 7. Qe2 Nd5 8. h4 Qe6 9. Nd2 a5 10. g3 Bc5
11. Ne4 Bd4 12. f4 Ba6 13. Qd1 Bxf1 14. Qxd4 Bg2 15. Ng5 Qg4 16. Rg1 Qxg3+ 17. Qf2 Qxf2+ 18. Kxf2 h6 19. Nxf7 Rf8 20. Rxg2 Rxf7
21. Kg3 O-O-O 22. Bd2 Rdf8 23. Rf1 g5 24. Rgf2 gxh4+ 25. Kxh4 d6 26. exd6 cxd6 27. f5 a4 28. c4 Nf6 29. Re2 Nd7 30. Re6 Rxf5
31. Rxf5 Rxf5 32. Rxd6 Ne5 33. b3=
1/2-1/2

[Event "come and have a go..."]
[Site "SchemingMind.com"]
[Date "2021.04.19"]
[Round "-"]
[White "frankly"]
[Black "Till Plewe"]
[Result "1/2-1/2"]
[WhiteCountry "ENG"]
[BlackCountry "JPN"]
[WhiteElo "2564"]
[WhiteRD "72"]
[BlackElo "2565"]
[BlackRD "80"]
[GameID "710767"]

1. d4 f5 2. g3 Nf6 3. Bg2 g6 4. Nf3 Bg7 5. O-O O-O 6. c4 d6 7. Nc3 Qe8 8. d5 Na6 9. Rb1 Nc5 10. Nd4 Nfe4
11. Nxe4 Nxe4 12. Qd3 c5 13. Ne6 Bxe6 14. dxe6 Qc8 15. Bxe4 fxe4 16. Qxe4 Rf6 17. b3 Rb8 18. Qd3 Qxe6 19. Bb2 Rff8 20. Bxg7 Kxg7
21. Rbc1 Rf6 22. Rc3 Rbf8 23. Qd2 Qh3 24. Re3 R8f7 25. Re4 Re6 26. Qd5 Rxe4 27. Qxe4 b6 28. Rd1 Qf5 29. Qe3 Qc2 30. Rd2 Qb1+
31. Kg2 Qe1 32. Rd3 a6 33. h4 b5 34. f3 Qa1 35. Rd2 bxc4 36. bxc4 Qc1 37. Qd3 Rf8 38. Rd1 Qb2 39. Kf2 Qe5 40. Rb1=
1/2-1/2

[Event "come and have a go..."]
[Site "SchemingMind.com"]
[Date "2021.04.18"]
[Round "-"]
[White "Till Plewe"]
[Black "Servelión Graterol Hernández"]
[Result "1/2-1/2"]
[WhiteCountry "JPN"]
[BlackCountry "VEN"]
[WhiteElo "2565"]
[WhiteRD "72"]
[BlackElo "2610"]
[BlackRD "69"]
[GameID "710768"]

1. e4 e5 2. Nf3 Nf6 3. Nxe5 d6 4. Nf3 Nxe4 5. d4 d5 6. Bd3 Nc6 7. O-O Be7 8. Nbd2 Nxd2 9. Bxd2 Bg4 10. c3 O-O
11. h3 Bh5 12. g3 Qd7 13. Kg2 Bg6 14. Bxg6 fxg6 15. Qc2 Bd6 16. Rae1 a5 17. a4 Ne7 18. Ne5 Bxe5 19. dxe5 Qe6 20. g4 h6
21. f4 Rad8 22. Qd3 c5 23. Bc1 b6 24. Rf3 d4 25. c4 Rde8 26. b3 Qc6 27. Bd2=
1/2-1/2

[Event "come and have a go..."]
[Site "SchemingMind.com"]
[Date "2021.04.18"]
[Round "-"]
[White "Servelión Graterol Hernández"]
[Black "Till Plewe"]
[Result "1/2-1/2"]
[WhiteCountry "VEN"]
[BlackCountry "JPN"]
[WhiteElo "2610"]
[WhiteRD "69"]
[BlackElo "2565"]
[BlackRD "72"]
[GameID "710769"]

1. d4 Nf6 2. Bg5 Ne4 3. Bf4 d5 4. e3 c5 5. Bd3 Nf6 6. c3 Nc6 7. Nd2 Bg4 8. Ngf3 e6 9. O-O Rc8 10. Qa4 Nd7
11. h3 Bh5 12. Be2 Be7 13. Qb5 cxd4 14. exd4 Nb6 15. Rfe1 O-O 16. a4 a6 17. Qb3 Na5 18. Qc2 Nbc4 19. Nxc4 Nxc4 20. Bxc4 Rxc4
21. Ne5 Rc8 22. a5 Bd6 23. Nd3 Bg6 24. Bxd6 Qxd6 25. Qd2 Bxd3 26. Qxd3 Rc4 27. Re3 b5 28. axb6 Qxb6 29. b4 Ra8 30. Ra5 Rac8
31. Ra3=
1/2-1/2

[Event "come and have a go..."]
[Site "SchemingMind.com"]
[Date "2021.04.18"]
[Round "-"]
[White "Till Plewe"]
[Black "Rubén Pulido "]
[Result "1/2-1/2"]
[WhiteCountry "JPN"]
[BlackCountry "CUB"]
[WhiteElo "2558"]
[WhiteRD "85"]
[BlackElo "2507"]
[BlackRD "68"]
[GameID "710770"]

1. e4 c5 2. Nf3 Nc6 3. Bb5 g6 4. Bxc6 dxc6 5. d3 Bg7 6. h3 Nf6 7. Nc3 O-O 8. Be3 b6 9. a4 a5 10. O-O Ne8
11. Nd2 e5 12. f4 exf4 13. Bxf4 f6 14. Kh1 Nc7 15. Bg3 Ne6 16. Ne2 b5 17. b3 Ra7 18. Rb1 Raf7 19. Qe1 Re8 20. Nf3 b4
21. Rd1 Nd4 22. Nexd4 cxd4 23. Qd2 c5 24. Rde1 Be6 25. Qf4 Qe7 26. Qh4 Qd8 27. Qf4=
1/2-1/2

[Event "come and have a go..."]
[Site "SchemingMind.com"]
[Date "2021.04.18"]
[Round "-"]
[White "Rubén Pulido "]
[Black "Till Plewe"]
[Result "1/2-1/2"]
[WhiteCountry "CUB"]
[BlackCountry "JPN"]
[WhiteElo "2507"]
[WhiteRD "68"]
[BlackElo "2558"]
[BlackRD "85"]
[GameID "710771"]

1. e4 c5 2. Nf3 e6 3. d4 cxd4 4. Nxd4 Nc6 5. Nc3 Qc7 6. Be3 a6 7. Be2 Nf6 8. O-O Be7 9. f4 d6 10. Qe1 O-O
11. Qg3 Nxd4 12. Bxd4 b5 13. a3 Bb7 14. Kh1 Bc6 15. Rae1 Rad8 16. Bd3 Qd7 17. Bb6 Rb8 18. Ba5 g6 19. Qh3 e5 20. Qf3 exf4
21. Qxf4 Rbe8 22. Bb4 Nh5 23. Qe3 f5 24. a4 f4 25. Qd2 Bh4 26. Rd1 Ng3+ 27. hxg3 Bxg3 28. Ne2 Qg4 29. Kg1 Qh4 30. Rf3 g5
31. axb5=
1/2-1/2